000 01077nam a2200277Ia 4500
003 OSt
005 20220923211505.0
006 a|||||r|||| 00| 0
007 ta
008 220922b |||||||| |||| 00| 0 hin d
020 _a9789352211326 (hbk)
_c600
024 _a324,712
037 _bBR6975, 13/03/2018, Rajkamal Prakashan Pvt. Ltd
_cTextual
040 _aARTS
_cARTS
_bhin
041 _2hin
_ahin
082 _aO152,3N46:g, Q7
100 _aशुक्ला, अर्चना, ले.
245 0 _aमृणाल पाण्डे का रचना संसार
246 _aMṛuṇāl pāṇḍe kā rachanā sansāra
260 _aइलाहाबाद
_b लोकभारती प्रकाशन
_c2017
300 _a264पृ.
_ccm.
650 _a हिन्दी साहित्य
_9156264
650 _aहिन्दी कहानी
942 _hO152,3N46:g, Q7
_cTEXL
_2CC
999 _c300072
_d300072